[Event "18th American Continental"]
[Site "Foz do Iguacu BRA"]
[Date "2025.05.27"]
[Round "7.71"]
[White "Librelato, Kathie Goulart"]
[Black "Cella, Glaucio Dalla Cortt"]
[Result "1-0"]
[WhiteTitle "WIM"]
[WhiteElo "2138"]
[BlackElo "1936"]
[WhiteFideId "2153963"]
[BlackFideId "2119455"]
[EventDate "2025.05.23"]

1. e4 c5 2. Nf3 e6 3. d4 cxd4 4. Nxd4 a6 5. c4 Nf6 6. Bd3 Qc7 7. O-O Bc5 8. Nc2
Nc6 9. Nc3 d6 10. Bf4 e5 11. Bg5 Be6 12. Ne3 Ne7 13. b4 Bxe3 14. fxe3 Bxc4 15.
Qa4+ Kf8 16. Bxc4 Qxc4 17. Rac1 Rc8 18. Rxf6 gxf6 19. Bh6+ Kg8 20. Ne2 Qb5 21.
Rxc8+ Nxc8 22. Qd1 Qc4 23. Ng3 f5 24. Nxf5 Qe6 25. h4 Ne7 26. Qg4+ 1-0

[Event "18th American Continental"]
[Site "Foz do Iguacu BRA"]
[Date "2025.05.27"]
[Round "7.72"]
[White "Torales G., Ivan Alejandro B."]
[Black "Medero Mino, Leon"]
[Result "1-0"]
[WhiteTitle "FM"]
[WhiteElo "2089"]
[BlackElo "1843"]
[WhiteFideId "3710785"]
[BlackFideId "20027290"]
[EventDate "2025.05.23"]

1. e4 c5 2. Nf3 e6 3. c3 Nf6 4. e5 Nd5 5. d4 cxd4 6. cxd4 d6 7. Bc4 Be7 8. O-O
O-O 9. Qe2 b6 10. Nc3 Nxc3 11. bxc3 Qc7 12. Bd2 Bb7 13. Bd3 Nd7 14. exd6 Bxd6
15. h3 e5 16. Be4 Rfe8 17. Bxb7 Qxb7 18. Qb5 e4 19. Nh2 Nf6 20. Rfd1 Bxh2+ 21.
Kxh2 Qc7+ 22. Kg1 Rad8 23. Rac1 a6 24. Qb3 b5 25. a4 Qc4 26. Qxc4 bxc4 27. Bg5
Rb8 28. Bxf6 gxf6 29. Rb1 f5 30. Kf1 f4 31. Ke2 Kg7 32. Rb4 Rxb4 33. cxb4 Rb8
34. Rb1 Kf6 35. g3 fxg3 36. fxg3 Ke6 37. Kd2 Kd5 38. Kc3 Rg8 39. g4 h5 40. Rf1
hxg4 41. Rf5+ Ke6 42. Re5+ Kd6 43. hxg4 Rxg4 44. Kxc4 f6 45. Ra5 e3 46. Rxa6+
Kd7 47. Kd3 e2 48. Kxe2 Rxd4 49. Rb6 Kc7 50. Ke3 Rh4 51. a5 f5 52. Kd3 Rh2 53.
Rf6 Rh4 54. Kc3 Rf4 55. Kb3 Rf2 56. Kc4 f4 57. Kb5 Kb7 58. a6+ 1-0

[Event "18th American Continental"]
[Site "Foz do Iguacu BRA"]
[Date "2025.05.27"]
[Round "7.73"]
[White "Guimaraes, Marcelo Cunha"]
[Black "Oviedo Acosta, Paula"]
[Result "1/2-1/2"]
[BlackTitle "WFM"]
[WhiteElo "2064"]
[BlackElo "1920"]
[WhiteFideId "2118068"]
[BlackFideId "3704394"]
[EventDate "2025.05.23"]

1. Nf3 c5 2. c4 a6 3. g3 g6 4. d4 cxd4 5. Nxd4 Nc6 6. Bg2 Bg7 7. Nxc6 dxc6 8.
Qb3 Nf6 9. Nc3 O-O 10. O-O Qa5 11. Be3 Qh5 12. f3 Bh3 13. Rad1 Bxg2 14. Kxg2 Qe5
15. Rd2 Qe6 16. Bf2 b5 17. c5 Qc8 18. Rfd1 h5 19. h4 Qc7 20. Qc2 Bh6 21. Rd4 Bg7
22. R4d3 Rfe8 1/2-1/2

[Event "18th American Continental"]
[Site "Foz do Iguacu BRA"]
[Date "2025.05.27"]
[Round "7.74"]
[White "Bulhoes, Benicio Rocha"]
[Black "Cezar Junior, William Carlos"]
[Result "1/2-1/2"]
[WhiteElo "1918"]
[BlackElo "2048"]
[WhiteFideId "44704879"]
[BlackFideId "2130769"]
[EventDate "2025.05.23"]

1. c4 Nf6 2. Nc3 e6 3. d4 d5 4. cxd5 exd5 5. Bf4 Bd6 6. Bxd6 Qxd6 7. Qc2 O-O 8.
e3 Re8 9. Nf3 Nc6 10. Be2 a6 11. O-O h6 12. a3 Bg4 13. Rfc1 Re7 14. b4 Bxf3 15.
Bxf3 Na7 16. Qb3 c6 17. a4 b5 18. Rc2 Nc8 19. a5 Qd7 20. Ne2 Nd6 21. Nf4 Nc4 22.
Nd3 Qf5 23. Qc3 Rae8 24. Nc5 1/2-1/2

[Event "18th American Continental"]
[Site "Foz do Iguacu BRA"]
[Date "2025.05.27"]
[Round "7.76"]
[White "Bosco, Giuliana"]
[Black "Mariani, Kim Paul"]
[Result "1-0"]
[WhiteTitle "WCM"]
[WhiteElo "1998"]
[BlackElo "1828"]
[WhiteFideId "142611"]
[BlackFideId "22779841"]
[EventDate "2025.05.23"]

1. e4 c5 2. Nc3 Nc6 3. g3 g6 4. Bg2 Bg7 5. d3 e5 6. f4 d6 7. Nf3 Nge7 8. O-O O-O
9. f5 gxf5 10. Nh4 fxe4 11. dxe4 Ng6 12. Nf5 Nd4 13. Qh5 Re8 14. Nxg7 Kxg7 15.
Qh6+ Kg8 16. Bg5 Qb6 17. Nd5 1-0

[Event "18th American Continental"]
[Site "Foz do Iguacu BRA"]
[Date "2025.05.27"]
[Round "7.77"]
[White "Silva, Juliana Figueira Theophilo"]
[Black "Bail, Ellen Larissa"]
[Result "1-0"]
[WhiteTitle "WFM"]
[WhiteElo "1919"]
[BlackElo "1964"]
[WhiteFideId "22781684"]
[BlackFideId "2142171"]
[EventDate "2025.05.23"]

1. d4 d5 2. c4 e6 3. Nf3 Nf6 4. g3 Be7 5. Bg2 O-O 6. Qc2 c6 7. O-O b6 8. Rd1 Bb7
9. b3 Nbd7 10. Nc3 Re8 11. e4 Nxe4 12. Nxe4 dxe4 13. Qxe4 Qc8 14. Ne1 Bf6 15.
Bb2 Rb8 16. Qc2 e5 17. Be4 g6 18. d5 cxd5 19. cxd5 Qxc2 20. Nxc2 Be7 21. g4 Rbc8
22. Ne3 Nc5 23. f3 Bd6 24. Nc4 Rcd8 25. Nxd6 Rxd6 26. g5 f5 27. gxf6 Rxf6 28.
Bc1 Rd6 29. Bb2 Rf6 30. Rd2 Rf4 31. Re1 Kf7 32. Bc1 Rf6 33. Bb2 Rf4 34. Bc1 Rf6
35. Ba3 Rd6 36. Rc1 Red8 37. Bxc5 bxc5 38. Rxc5 Kf6 39. Rc7 R8d7 40. Rc5 Kg5 41.
Kf2 Kf4 42. h4 h6 43. Rc4 Ba6 44. Ra4 Bb5 45. Rb4 a6 46. Bxg6+ e4 47. Rxe4# 1-0

[Event "18th American Continental"]
[Site "Foz do Iguacu BRA"]
[Date "2025.05.27"]
[Round "7.78"]
[White "Eger, Laura Luisa"]
[Black "Andrade, Roberto Luiz Costa"]
[Result "0-1"]
[BlackTitle "FM"]
[WhiteElo "1896"]
[BlackElo "1959"]
[WhiteFideId "22704825"]
[BlackFideId "2101521"]
[EventDate "2025.05.23"]

1. e4 c5 2. Nf3 Nf6 3. e5 Nd5 4. c3 e6 5. d4 cxd4 6. cxd4 Bb4+ 7. Bd2 Be7 8. Nc3
Nxc3 9. bxc3 d5 10. exd6 Bxd6 11. Bd3 Nd7 12. O-O Nf6 13. Bg5 Qc7 14. c4 b6 15.
Qe2 Bb7 16. h3 h6 17. Bd2 O-O 18. Rfe1 Rad8 19. Bc3 Rfe8 20. a4 Nh5 21. Qd2 Nf4
22. c5 Bxc5 23. Be4 Bxe4 24. Rxe4 Bd6 25. Ree1 Nd5 26. Bb2 Bb4 27. Qc1 Bxe1 28.
Qxc7 Bxf2+ 29. Kxf2 Nxc7 30. Ne5 Nd5 31. Nd3 Rc8 32. Bc1 Rc2+ 33. Kf1 Rec8 34.
a5 R8c3 35. axb6 axb6 0-1

[Event "18th American Continental"]
[Site "Foz do Iguacu BRA"]
[Date "2025.05.27"]
[Round "7.79"]
[White "Montevilla C., Elias Alejandro"]
[Black "Kaneda, Eric Kazuichi"]
[Result "1-0"]
[WhiteElo "1769"]
[BlackElo "1949"]
[WhiteFideId "3322211"]
[BlackFideId "2141337"]
[EventDate "2025.05.23"]

1. d4 Nf6 2. Nc3 d5 3. Bf4 e6 4. Nb5 Na6 5. e3 c6 6. Nc3 Qb6 7. a3 c5 8. Nf3 Bd7
9. Rb1 Rc8 10. Be2 Be7 11. O-O O-O 12. Ne5 Nb8 13. Qd2 cxd4 14. exd4 Qa5 15. Ra1
Nc6 16. Nxd7 Nxd7 17. Rfd1 Bf6 18. Nb5 Qxd2 19. Rxd2 a6 20. Nd6 Ra8 21. c3 b5
22. a4 b4 23. Bf3 a5 24. Be2 Nb6 25. Bb5 bxc3 26. bxc3 Na7 27. Rb2 Be7 28. Ba6
Nac8 29. Nxc8 Nxc8 30. Bb7 Ra7 31. Bb8 Rxb7 32. Rxb7 Bd6 33. Bxd6 Nxd6 34. Ra7
Nc4 35. Rb1 g6 36. Rbb7 Kg7 37. Kf1 Kf6 38. Ke2 h5 39. f4 h4 40. Kf3 h3 41. g4
g5 42. fxg5+ Kg6 43. Kg3 Nd6 44. Rc7 Ne4+ 45. Kxh3 Rb8 46. Rab7 Nxg5+ 47. Kg3
Rh8 48. Ra7 Rh3+ 49. Kg2 Rd3 50. h4 Rd2+ 51. Kg3 Ne4+ 52. Kf4 Rf2+ 53. Ke3 Rf1
54. Rxa5 Nd6 55. Raa7 Rh1 56. Rd7 Nc4+ 57. Kf2 Rxh4 58. Rxf7 Nd6 59. Rg7+ Kf6
60. Rgd7 Ne4+ 61. Kg2 Ng5 62. a5 Rxg4+ 63. Kf1 Rf4+ 64. Ke2 Rh4 65. a6 Rh2+ 66.
Kd1 Ra2 67. Ra8 Kf5 68. Rg8 Ne4 69. Rf7+ 1-0

[Event "18th American Continental"]
[Site "Foz do Iguacu BRA"]
[Date "2025.05.27"]
[Round "7.96"]
[White "Serafim Junior, Arnor"]
[Black "Pereira, Wilson Roberto de M."]
[Result "1-0"]
[WhiteElo "1804"]
[BlackElo "1869"]
[WhiteFideId "2130750"]
[BlackFideId "2124653"]
[EventDate "2025.05.23"]

1. c4 c5 2. Nc3 Nc6 3. g3 g6 4. Bg2 Bg7 5. Nf3 Nf6 6. O-O O-O 7. d4 cxd4 8. Nxd4
Nxd4 9. Qxd4 d6 10. Qd3 a6 11. Bd2 Rb8 12. Rac1 Bf5 13. e4 Be6 14. b3 Nd7 15.
Bg5 h6 16. Be3 Nc5 17. Qd2 Kh7 18. Nd5 f5 19. Nf4 Bg8 20. exf5 gxf5 21. Rfd1 b6
22. Nd3 Qc7 23. Nb4 Qc8 24. Qc2 Kh8 25. Nc6 Rb7 26. Nd4 Rc7 27. Qe2 Qe8 28. Nf3
Qb8 29. Bd4 e5 30. Bxc5 Rxc5 31. Rc2 Rd8 32. Nh4 Bh7 33. Rcd2 Bf8 34. Bd5 Qc8
35. Qh5 Qd7 36. Ng6+ Bxg6 37. Qxg6 Bg7 38. Bg2 Bf8 39. Bh3 1-0

[Event "18th American Continental"]
[Site "Foz do Iguacu BRA"]
[Date "2025.05.27"]
[Round "7.97"]
[White "Prado Oliveira, Fellipe"]
[Black "Zottis, Pietro"]
[Result "1/2-1/2"]
[WhiteElo "1863"]
[BlackElo "1757"]
[WhiteFideId "2114895"]
[BlackFideId "22746838"]
[EventDate "2025.05.23"]

1. Nf3 d5 2. g3 Nf6 3. Bg2 c6 4. O-O Bf5 5. d3 e6 6. c4 Be7 7. cxd5 exd5 8. Nc3
O-O 9. h3 h6 10. Nd4 Bh7 11. e4 Nbd7 12. Re1 Nc5 13. Nf5 Bxf5 14. exf5 Bd6 15.
b4 Ncd7 16. b5 Qb6 17. g4 Rfe8 18. bxc6 bxc6 19. Rb1 Qc7 20. Rxe8+ Rxe8 21. Be3
Rb8 22. Qc1 Rxb1 23. Nxb1 Kh7 24. f4 Nf8 25. Bf3 d4 26. Bxd4 Bxf4 27. Qxc6 Bh2+
28. Kh1 Qg3 29. Bg2 Qxd3 30. Bxf6 Bg3 31. Nc3 gxf6 32. Qf3 Qxf3 33. Bxf3 Nd7 34.
Kg2 Be5 35. Ne4 Kg7 36. Kf2 Bd4+ 37. Ke1 Nc5 38. Nd6 Nd3+ 39. Kd2 Nf4 40. h4 Kf8 1/2-1/2

[Event "18th American Continental"]
[Site "Foz do Iguacu BRA"]
[Date "2025.05.27"]
[Round "7.98"]
[White "Moura, Bernardo Lalane Mascarenha"]
[Black "Gomes, Marco Tulio Caldeira"]
[Result "1-0"]
[WhiteElo "1854"]
[BlackElo "1752"]
[WhiteFideId "44704976"]
[BlackFideId "2115271"]
[EventDate "2025.05.23"]

1. d4 Nf6 2. c4 e6 3. Nf3 b6 4. a3 d5 5. cxd5 exd5 6. Nc3 Bb7 7. g3 Be7 8. Bg2
O-O 9. O-O c5 10. Bf4 a6 11. dxc5 Bxc5 12. Ne5 Ne4 13. Nxe4 dxe4 14. Qc2 f6 15.
Nc4 Qd5 16. Rad1 Qc6 17. Bd6 Rc8 18. Qb3 Bxf2+ 19. Rxf2 Qxc4 20. Qxb6 Qc6 21.
Qb3+ Kh8 22. Qf7 Nd7 23. e3 Re8 24. Bh3 Rad8 25. Be7 Ne5 26. Qb3 Rxd1+ 27. Qxd1
Rxe7 28. Rc2 Nf3+ 29. Kh1 Qe8 30. Qd6 Ne5 31. Rc5 Nd3 32. Rc2 Ne5 33. Rc5 Nd3
34. Rc2 Kg8 35. Kg1 Ne5 36. Kh1 Nf3 37. Bf1 Rd7 38. Qb4 Qd8 39. Bc4+ Kh8 40. Be2
a5 41. Qb5 Rd5 42. Qxb7 h6 43. Rc8 Qxc8 44. Qxc8+ Kh7 45. Qc4 Re5 46. Bxf3 exf3
47. Qf4 Rb5 48. Qxf3 Rxb2 49. Qf5+ Kh8 50. Qxa5 Rb1+ 51. Kg2 Rb2+ 52. Kf3 Rxh2
53. Qd8+ Kh7 54. a4 Ra2 55. a5 Ra3 56. a6 f5 57. Qb6 g5 58. Qc7+ Kg6 1-0

[Event "18th American Continental"]
[Site "Foz do Iguacu BRA"]
[Date "2025.05.27"]
[Round "7.99"]
[White "Paredes Almada, Andres Joaquin"]
[Black "Moccero, Eduardo"]
[Result "1-0"]
[WhiteElo "1670"]
[BlackElo "1804"]
[WhiteFideId "3713733"]
[BlackFideId "103373"]
[EventDate "2025.05.23"]

1. e4 Nc6 2. Ne2 g6 3. g3 Bg7 4. Bg2 d6 5. O-O Nf6 6. c3 e5 7. d4 exd4 8. cxd4
O-O 9. h3 Re8 10. Nbc3 a6 11. Be3 Rb8 12. a3 Qd7 13. f4 h6 14. e5 Nh7 15. Qd2
Na5 16. Qc2 b5 17. b3 Bb7 18. Ne4 Bxe4 19. Bxe4 Qxh3 20. Qxc7 Nxb3 21. Rab1 Rec8
22. Qxd6 Bf8 23. Qxa6 Rc3 24. Bg2 Qxg2+ 25. Kxg2 Rxe3 26. Rb2 b4 27. a4 g5 28.
Rf3 Rxe2+ 29. Qxe2 Nxd4 30. Qe4 Nxf3 31. Kxf3 1-0

[Event "18th American Continental"]
[Site "Foz do Iguacu BRA"]
[Date "2025.05.27"]
[Round "7.100"]
[White "Souza Neto, Hilton Vilarim De"]
[Black "Galeano Rolin, Mateo Josias"]
[Result "0-1"]
[WhiteElo "1881"]
[BlackElo "1502"]
[WhiteFideId "2124033"]
[BlackFideId "3716171"]
[EventDate "2025.05.23"]

1. Nc3 e5 2. e4 Nc6 3. Bc4 Nf6 4. d3 h6 5. Nf3 Bc5 6. O-O O-O 7. a3 a6 8. b4 Ba7
9. h3 d6 10. Be3 Be6 11. Ba2 b5 12. Nd5 Nd4 13. c3 Nxf3+ 14. Qxf3 Bxd5 15. exd5
Qe7 16. Bxa7 Rxa7 17. Qe3 Raa8 18. f3 Nh5 19. f4 Rfe8 20. f5 Qf6 21. Rae1 Nf4
22. Qe4 Qg5 23. Kh2 Nh5 24. Qe3 Qxe3 25. Rxe3 a5 26. Rf2 axb4 27. axb4 Ra3 28.
c4 bxc4 29. Bxc4 Rb8 30. b5 Rba8 31. g3 Ra1 32. Ree2 Rc1 33. Ra2 Rxa2 34. Rxa2
Re1 35. Kg2 Re3 36. Ra7 Nxg3 37. Rxc7 Nxf5 38. b6 Re2+ 39. Kf3 Nd4+ 40. Kg3 Nf5+
41. Kg4 Rf2 42. h4 h5+ 43. Kh3 Ne3 44. b7 Nf1 45. Rc8+ Kh7 46. Rh8+ Kxh8 47.
b8=Q+ Kh7 0-1

[Event "18th American Continental"]
[Site "Foz do Iguacu BRA"]
[Date "2025.05.27"]
[Round "7.101"]
[White "Navarro Canete, Facundo Javier"]
[Black "Dos Santos, Gabriel Conte"]
[Result "1-0"]
[WhiteElo "1811"]
[BlackElo "1543"]
[WhiteFideId "3712532"]
[BlackFideId "22776389"]
[EventDate "2025.05.23"]

1. e4 c6 2. d4 d5 3. exd5 cxd5 4. c4 e6 5. Nc3 Nf6 6. Nf3 Nc6 7. c5 Be7 8. Bb5
O-O 9. Bxc6 bxc6 10. O-O Qc7 11. b4 Nd7 12. Re1 Bf6 13. Qe2 Qb7 14. Rb1 Qc7 15.
g3 a5 16. Bf4 Qa7 17. Bd6 axb4 18. Bxf8 bxc3 19. Bd6 Qxa2 20. Qxa2 Rxa2 21. Rbc1
Ra4 22. Ra1 Ra6 23. Kf1 Bd8 24. Ke2 Nf6 25. Kd3 Ne4 26. Kc2 Nxf2 27. Rxa6 Bxa6 1-0

[Event "18th American Continental"]
[Site "Foz do Iguacu BRA"]
[Date "2025.05.27"]
[Round "7.102"]
[White "Solaeche G., Axel Jose"]
[Black "Bucci, Andrea Vidigal"]
[Result "0-1"]
[WhiteElo "1566"]
[BlackElo "1791"]
[WhiteFideId "3709426"]
[BlackFideId "2115921"]
[EventDate "2025.05.23"]

1. Nf3 Nf6 2. g3 g6 3. Bg2 Bg7 4. O-O O-O 5. d4 d6 6. Re1 Nbd7 7. Nc3 e5 8. dxe5
dxe5 9. e4 c6 10. Be3 Qc7 11. Qc1 Rd8 12. Bg5 Nf8 13. h3 Ne6 14. Bh6 Bh8 15. a4
b6 16. b4 a6 17. Rb1 Bb7 18. Ng5 Ng7 19. Kh1 Ngh5 20. Ne2 Rd7 21. g4 Ng7 22. f4
Re8 23. f5 Bc8 24. Rf1 Qd6 25. Rd1 Qe7 26. Ng3 Red8 27. Rxd7 Rxd7 28. Rb3 Qd6
29. Kh2 Qd1 30. Qe3 Qd4 31. Qe2 Qd1 32. Qc4 Qd6 33. Qe2 Nge8 34. Rd3 Qxb4 35.
Rxd7 Nxd7 36. h4 Qxa4 37. h5 Qb5 38. Qd2 Qc5 39. Bf1 Nef6 40. Qe2 a5 41. Kh3 b5
42. Bg2 a4 43. Qd3 b4 44. Bf1 Qd4 45. Qc4 Qxc4 46. Bxc4 Bg7 47. Bxf7+ Kf8 48.
Bxg7+ Kxg7 49. fxg6 hxg6 50. hxg6 Nc5 51. Nf5+ Bxf5 52. exf5 Nd5 53. Ne6+ Nxe6
54. Bxe6 Nf4+ 55. Kh4 Nxe6 56. fxe6 Kxg6 57. e7 Kf7 58. Kh5 a3 59. g5 a2 60. g6+
Kxe7 61. Kh6 a1=Q 0-1

[Event "18th American Continental"]
[Site "Foz do Iguacu BRA"]
[Date "2025.05.27"]
[Round "7.103"]
[White "Guimaraes, Felipe Pavanato"]
[Black "Vieira, Erico Vinicius Duarte"]
[Result "0-1"]
[WhiteElo "1523"]
[BlackElo "1753"]
[WhiteFideId "538009064"]
[BlackFideId "2181843"]
[EventDate "2025.05.23"]

1. d3 d5 2. Nf3 Nf6 3. Nbd2 c5 4. e4 Nc6 5. h3 e6 6. c3 Be7 7. Qc2 b6 8. Be2 Bb7
9. b3 h6 10. Bb2 Qc7 11. O-O-O e5 12. c4 d4 13. Kb1 a5 14. g4 Nb4 15. Qc1 a4 16.
g5 Nh5 17. gxh6 Rxh6 18. Rdg1 Bf6 19. Ng5 Nf4 20. Qf1 axb3 21. axb3 Qe7 22. h4
Bc6 23. Ndf3 Qa7 24. Kc1 Qa2 25. Qd1 Nxe2+ 26. Qxe2 Qxb3 27. Rd1 Na2+ 28. Kb1
Nc3+ 29. Kc1 Nxe2+ 30. Kb1 Nc3+ 31. Kc1 Nxd1 32. Rxd1 Rxh4 33. Nxh4 Bxg5+ 34.
Kb1 Qxd1+ 35. Bc1 Qxc1# 0-1

[Event "18th American Continental"]
[Site "Foz do Iguacu BRA"]
[Date "2025.05.27"]
[Round "7.107"]
[White "Medero, Hildo Rodrigo"]
[Black "Noguera Delgado, Gael Eduardo"]
[Result "1-0"]
[WhiteElo "1553"]
[BlackElo "1484"]
[WhiteFideId "20029098"]
[BlackFideId "3717348"]
[EventDate "2025.05.23"]

1. c4 e5 2. g3 c6 3. Bg2 d5 4. cxd5 cxd5 5. d3 Nf6 6. Nf3 e4 7. dxe4 dxe4 8.
Qxd8+ Kxd8 9. Ng5 Bf5 10. Nxf7+ Ke7 11. Nxh8 Nc6 12. Bg5 Rd8 13. Nc3 Nd4 14. O-O
h6 15. Bxf6+ Kxf6 16. Rfd1 Nxe2+ 17. Nxe2 Bg4 1-0

[Event "18th American Continental"]
[Site "Foz do Iguacu BRA"]
[Date "2025.05.28"]
[Round "8.1"]
[White "Shankland, Sam"]
[Black "Cardoso Cardoso, Jose Gabriel"]
[Result "1/2-1/2"]
[WhiteTitle "GM"]
[BlackTitle "GM"]
[WhiteElo "2666"]
[BlackElo "2516"]
[WhiteFideId "2004887"]
[BlackFideId "4430492"]
[EventDate "2025.05.23"]

1. e4 c5 2. Nf3 d6 3. d4 cxd4 4. Nxd4 Nf6 5. Nc3 Nc6 6. Bg5 e6 7. Qd2 a6 8.
O-O-O Be7 9. Bxf6 gxf6 10. f4 Nxd4 11. Qxd4 Qa5 12. Kb1 Bd7 13. f5 Qc5 14. Qd3
O-O-O 15. g3 Kb8 16. Bh3 Rc8 17. e5 d5 18. fxe6 fxe6 19. exf6 Bxf6 20. Nxd5 Bg7
21. Ne3 Bc6 22. Rhe1 Rhd8 23. Qa3 Qxa3 24. bxa3 Bf3 1/2-1/2

[Event "18th American Continental"]
[Site "Foz do Iguacu BRA"]
[Date "2025.05.28"]
[Round "8.3"]
[White "Quesada Perez, Luis Ernesto"]
[Black "Henriquez Villagra, Cristobal"]
[Result "1-0"]
[WhiteTitle "GM"]
[BlackTitle "GM"]
[WhiteElo "2546"]
[BlackElo "2597"]
[WhiteFideId "3520773"]
[BlackFideId "3409350"]
[EventDate "2025.05.23"]

1. Nf3 d5 2. d4 Nf6 3. c4 e6 4. Nc3 Be7 5. Bf4 O-O 6. e3 Nbd7 7. c5 Ne4 8. Bd3
f5 9. h3 c6 10. O-O b6 11. cxb6 axb6 12. a4 Rf7 13. Qc2 Bb7 14. Bh2 h6 15. Ne2
g5 16. Ne5 Nxe5 17. Bxe5 Nf6 18. f3 c5 19. Qd2 Nd7 20. Bh2 Bf6 21. b4 Bg7 22.
Bb5 cxd4 23. exd4 f4 24. Kh1 Nb8 25. Rfc1 Qd6 26. a5 Na6 27. Rcb1 Bf8 28. Ra4
Nc7 29. Bd3 b5 30. Ra3 Bc6 31. g3 fxg3 32. Bxg3 Qd7 33. Bg6 Rf6 34. Bh5 Bd6 35.
f4 e5 36. Bg4 Qh7 37. f5 Rxf5 38. Rc1 Ra6 39. dxe5 d4+ 40. Rxc6 Rxc6 41. exd6
Nd5 42. Qxd4 Rc4 43. Qd3 Qb7 44. Qxf5 Rxg4 45. Rf3 Rf4 46. Qg6+ 1-0

[Event "18th American Continental"]
[Site "Foz do Iguacu BRA"]
[Date "2025.05.28"]
[Round "8.4"]
[White "Supi, Luis Paulo"]
[Black "Bachmann, Axel"]
[Result "1/2-1/2"]
[WhiteTitle "GM"]
[BlackTitle "GM"]
[WhiteElo "2566"]
[BlackElo "2570"]
[WhiteFideId "2106388"]
[BlackFideId "3700488"]
[EventDate "2025.05.23"]

1. e4 e5 2. Nf3 Nc6 3. Bc4 Bc5 4. d3 Nf6 5. Bg5 h6 6. Bh4 Be7 7. Bg3 d6 8. a4
Be6 9. Nbd2 Qd7 10. h3 Nh7 11. c3 Ng5 12. Bxe6 Nxf3+ 13. Nxf3 Qxe6 14. O-O O-O
15. Re1 Bf6 16. d4 exd4 17. cxd4 d5 18. Qb3 dxe4 19. d5 Na5 20. Qb5 Qb6 21. Rxe4
c6 22. Qxb6 1/2-1/2

[Event "18th American Continental"]
[Site "Foz do Iguacu BRA"]
[Date "2025.05.28"]
[Round "8.5"]
[White "Diamant, Andre"]
[Black "Campos Gomez, Manuel"]
[Result "1/2-1/2"]
[WhiteTitle "GM"]
[BlackTitle "IM"]
[WhiteElo "2487"]
[BlackElo "2355"]
[WhiteFideId "2108356"]
[BlackFideId "4444710"]
[EventDate "2025.05.23"]

1. e4 e6 2. d4 d5 3. Nd2 c5 4. Ngf3 cxd4 5. Nxd4 Nf6 6. exd5 Nxd5 7. N2f3 Bb4+
8. Bd2 Bc5 9. Bd3 O-O 10. O-O e5 11. Nb3 Bd6 12. Qe2 Nc6 13. Rad1 h6 14. Be4 Nf4
15. Bxf4 exf4 16. Bxc6 bxc6 17. Qd2 Bc7 18. Qc3 Qf6 19. Qxf6 gxf6 20. Nfd4 Kh7
21. Rfe1 Rg8 22. Rd3 a5 23. Nc5 Rg6 24. Nf3 Bf5 25. Rc3 a4 26. Nh4 Ba5 27. Nxg6
Bxc3 28. bxc3 Kxg6 29. Nd3 Bxd3 30. cxd3 Rd8 31. d4 Rb8 32. g3 Rb2 33. Kg2 Rxa2
34. Re8 Rc2 35. Ra8 Rxc3 36. Rxa4 fxg3 37. hxg3 c5 1/2-1/2

[Event "18th American Continental"]
[Site "Foz do Iguacu BRA"]
[Date "2025.05.28"]
[Round "8.6"]
[White "Coro, Lucas"]
[Black "Shabalov, Alexander"]
[Result "1-0"]
[WhiteTitle "IM"]
[BlackTitle "GM"]
[WhiteElo "2434"]
[BlackElo "2483"]
[WhiteFideId "147222"]
[BlackFideId "2008572"]
[EventDate "2025.05.23"]

1. Nf3 d5 2. g3 c6 3. Bg2 Bf5 4. O-O Nd7 5. d3 Ngf6 6. Nh4 Be6 7. f4 g6 8. c3
Qb6+ 9. Kh1 Bg7 10. Na3 Ng4 11. Nc2 h5 12. Qe1 a5 13. Rb1 a4 14. h3 Nh6 15. Be3
c5 16. Bf2 Qc7 17. Nf3 Bf6 18. Ng5 Bxg5 19. fxg5 Nf5 20. e4 dxe4 21. dxe4 Nd6
22. Ne3 Nb6 23. b3 axb3 24. axb3 O-O 25. Qe2 c4 26. bxc4 Ndxc4 27. Nxc4 Nxc4 1-0

[Event "18th American Continental"]
[Site "Foz do Iguacu BRA"]
[Date "2025.05.28"]
[Round "8.7"]
[White "Pires, Marcos Vinicius Torsani"]
[Black "Avila Pavas, Santiago"]
[Result "0-1"]
[WhiteTitle "FM"]
[BlackTitle "GM"]
[WhiteElo "2204"]
[BlackElo "2469"]
[WhiteFideId "2118939"]
[BlackFideId "4437128"]
[EventDate "2025.05.23"]

1. d4 Nf6 2. Nf3 e6 3. g3 b5 4. Bg2 Bb7 5. O-O c5 6. Bg5 cxd4 7. Bxf6 Qxf6 8.
Nxd4 Bxg2 9. Kxg2 a6 10. c3 Bc5 11. Qd3 O-O 12. Nd2 d5 13. b4 Bb6 14. a4 bxa4
15. Rxa4 e5 16. Nf5 Rd8 17. e4 g6 18. Nh6+ Kg7 19. Ng4 Qe6 20. Qf3 h5 21. Ne3
Bxe3 22. fxe3 Nc6 23. b5 Ne7 24. bxa6 dxe4 25. Nxe4 Nf5 26. Nc5 Qb6 27. e4 Nh6
28. Qf2 Ng4 29. Qxf7+ Kh6 30. Kh3 Qxc5 31. Rc4 Rd2 0-1

[Event "18th American Continental"]
[Site "Foz do Iguacu BRA"]
[Date "2025.05.28"]
[Round "8.8"]
[White "Mareco, Sandro"]
[Black "Ynojosa Aponte, Felix Jose"]
[Result "1-0"]
[WhiteTitle "GM"]
[BlackTitle "IM"]
[WhiteElo "2585"]
[BlackElo "2392"]
[WhiteFideId "112275"]
[BlackFideId "3900258"]
[EventDate "2025.05.23"]

1. d4 Nf6 2. c4 e6 3. Nf3 b6 4. g3 Bb7 5. Bg2 c5 6. d5 exd5 7. cxd5 Bxd5 8. Nc3
Bc6 9. e4 d6 10. O-O Be7 11. Nh4 O-O 12. Nf5 Re8 13. Bf4 Bf8 14. Bxd6 g6 15.
Bxf8 Qxd1 16. Raxd1 gxf5 17. Bh6 fxe4 18. Rd6 Re6 19. Rfd1 Rxd6 20. Rxd6 Ne8 21.
Rd1 Nd7 22. Nxe4 Rc8 23. Bh3 Bxe4 24. Rxd7 Ra8 25. Bg2 Bxg2 26. Kxg2 Nf6 27. Rb7
Nd5 28. a3 c4 29. Rd7 Nf6 30. Rc7 b5 31. Rc5 Ne4 32. Rxb5 f6 33. Rb7 Nd6 34.
Rg7+ Kh8 35. Rd7 Nf5 36. Bd2 1-0